Talk time : Everyday english conversation : Teacher's book
Talk Time is a three-level conversation course that provides speaking and listening practice based on everyday situations. Gentle progression of communicative activities in each lesson makes it ideal for less confident students. The Student CD, included at the back of the Student Book, contains reco...
Salvato in:
| Autore principale: | |
|---|---|
| Natura: | Libro |
| Lingua: | Undetermined |
| Pubblicazione: |
New York, N.Y.
Oxford University Press
2007
|
| Soggetti: | |
| Tags: |
Aggiungi Tag
Nessun Tag, puoi essere il primo ad aggiungerne! !
|
| Thư viện lưu trữ: | Trung tâm Học liệu Trường Đại học Cần Thơ |
|---|
| LEADER | 00992nam a2200217Ia 4500 | ||
|---|---|---|---|
| 001 | CTU_124127 | ||
| 008 | 210402s9999 xx 000 0 und d | ||
| 020 | |c 149000 | ||
| 082 | |a 428.34 | ||
| 082 | |b S824t/B.2 | ||
| 100 | |a Stempleski, Susan | ||
| 245 | 0 | |a Talk time : | |
| 245 | 0 | |b Everyday english conversation : Teacher's book | |
| 245 | 0 | |c Susan Stempleski, Lynne Robertson | |
| 260 | |a New York, N.Y. | ||
| 260 | |b Oxford University Press | ||
| 260 | |c 2007 | ||
| 520 | |a Talk Time is a three-level conversation course that provides speaking and listening practice based on everyday situations. Gentle progression of communicative activities in each lesson makes it ideal for less confident students. The Student CD, included at the back of the Student Book, contains recordings of the conversations to provide students with listening practice outside of the classroom. | ||
| 650 | |a English language | ||
| 904 | |i Minh | ||
| 980 | |a Trung tâm Học liệu Trường Đại học Cần Thơ | ||